000
00224nam a2200097Ia 4500
008
210430s9999 xx 000 0 und d
020
_a
949-949-949-949
082
_a
662.2
245
_a
External Ballistics
942
_c
BK
_2
ddc
999
_c
562088
_d
562088